000 00840cam a2200253 a 4500
999 _c4313
_d4313
003 OSt
005 20220322094406.0
008 830307s1984 paua b 001 0 eng
020 _a0397582897
020 _a0906923239 (Gower)
040 _cDLC
050 1 0 _aRE71
_b.A85 1984
245 0 0 _aAtlas of clinical ophthalmology /
_ceditors, D.J. Spalton, R.A. Hitchings, P.A. Hunter.
260 _aPhiladelphia :
_bLippincott ;
_aLondon ;
_aNew York :
_bGower Medical Pub.,
_cc1984.
300 _a1 v. (various pagings) :
_bill. (some col.) ;
_c32 cm.
504 _aIncludes bibliography and index.
650 0 _aEye
_xDiseases
_xAtlases.
650 0 _aOphthalmology
_xAtlases.
700 1 _aSpalton, David J.
700 1 _aHitchings, R. A.
700 1 _aHunter, P. A.
906 _a7
_bcbc
_corignew
_d3
_eopcn
_f19
_gy-gencatlg
942 _2lcc
_cBK